Countries of the World Quiz - 35 Minutes - Statistics

General Stats
  • This quiz has been taken 77 times
  • The average score is 133 of 196
Answers on the Map
Answers color-coded by a green-red scale on the quiz's map according to % correct below.
 
Answer Stats
Country % Correct
Canada
94%
China
92%
Mexico
92%
United States
92%
Australia
89%
Chile
89%
India
89%
Japan
89%
Russia
89%
France
86%
Iceland
86%
Peru
86%
United Kingdom
86%
Brazil
83%
Haiti
83%
Mongolia
83%
New Zealand
83%
North Korea
83%
Panama
83%
South Korea
83%
Thailand
83%
Uruguay
83%
Argentina
81%
Bolivia
81%
Colombia
81%
Germany
81%
Iran
81%
Ireland
81%
Italy
81%
Kazakhstan
81%
South Africa
81%
Spain
81%
Austria
78%
Cuba
78%
Dominica
78%
Indonesia
78%
Oman
78%
Pakistan
78%
Papua New Guinea
78%
Paraguay
78%
Philippines
78%
Poland
78%
Taiwan
78%
Turkey
78%
Ukraine
78%
Vietnam
78%
Bahamas
75%
Costa Rica
75%
Democratic Republic of the Congo
75%
Denmark
75%
Dominican Republic
75%
Ecuador
75%
Egypt
75%
Finland
75%
Georgia
75%
Greece
75%
Guatemala
75%
Iraq
75%
Israel
75%
Jamaica
75%
Laos
75%
Libya
75%
Madagascar
75%
Niger
75%
Nigeria
75%
Norway
75%
Portugal
75%
Sudan
75%
Yemen
75%
Afghanistan
72%
Algeria
72%
Myanmar
72%
Nepal
72%
Republic of the Congo
72%
Romania
72%
Slovenia
72%
Sri Lanka
72%
Sweden
72%
United Arab Emirates
72%
Uzbekistan
72%
Venezuela
72%
Zambia
72%
Zimbabwe
72%
Belgium
69%
Bhutan
69%
Chad
69%
Croatia
69%
Hungary
69%
Kenya
69%
Lithuania
69%
Mali
69%
Monaco
69%
Morocco
69%
Qatar
69%
Saudi Arabia
69%
Serbia
69%
Slovakia
69%
Somalia
69%
Suriname
69%
Syria
69%
Armenia
67%
Bangladesh
67%
Belarus
67%
Botswana
67%
Cambodia
67%
Central African Republic
67%
El Salvador
67%
Ethiopia
67%
Fiji
67%
Guyana
67%
Honduras
67%
Jordan
67%
Latvia
67%
Malaysia
67%
Netherlands
67%
South Sudan
67%
Tanzania
67%
Albania
64%
Angola
64%
Azerbaijan
64%
Belize
64%
Bosnia and Herzegovina
64%
Bulgaria
64%
Cyprus
64%
Czech Republic
64%
Estonia
64%
Federated States of Micronesia
64%
Ghana
64%
Lebanon
64%
Moldova
64%
Nicaragua
64%
Switzerland
64%
Uganda
64%
Vatican City
64%
Andorra
61%
Bahrain
61%
Benin
61%
Kosovo
61%
Kyrgyzstan
61%
Malta
61%
Rwanda
61%
Tajikistan
61%
Tonga
61%
Tunisia
61%
Turkmenistan
61%
Cameroon
58%
Guinea
58%
Kuwait
58%
Lesotho
58%
Maldives
58%
Mauritania
58%
Mozambique
58%
Namibia
58%
North Macedonia
58%
Solomon Islands
58%
Vanuatu
58%
Cape Verde
56%
Eritrea
56%
Eswatini
56%
Gabon
56%
Ivory Coast
56%
Liberia
56%
Luxembourg
56%
Malawi
56%
Samoa
56%
Senegal
56%
Burkina Faso
53%
Burundi
53%
Kiribati
53%
Marshall Islands
53%
Saint Lucia
53%
San Marino
53%
Sierra Leone
53%
Singapore
53%
Togo
53%
Barbados
50%
Comoros
50%
São Tomé and Príncipe
50%
Djibouti
50%
East Timor
50%
Liechtenstein
50%
Montenegro
50%
Seychelles
50%
Brunei
47%
Equatorial Guinea
47%
Guinea-Bissau
47%
Mauritius
47%
Saint Kitts and Nevis
47%
Tuvalu
47%
Gambia
44%
Nauru
44%
Saint Vincent and the Grenadines
44%
Trinidad and Tobago
44%
Antigua and Barbuda
42%
Grenada
42%
Palau
42%
No matching quizzes found
Score Distribution
Percent of People with Each Score
Percentile by Number Answered
Your Score History
You have not taken this quiz